Una guía para : la administración del tiempo. /

Detalles Bibliográficos
Autor principal: Webber, Ross A
Formato: Libro
Lenguaje:inglés
Publicado: Bogotá Norma 1991
Edición:1a.ed.
Materias:
Acceso en línea:

MARC

LEADER 00000cam a2200000 a 4500
001 018842
003 UAHC_CL
005 20170803121659.0
008 010822b xx j 000 1 eng
020 |a 9580403856 
040 |a UAHC_CL  |c UAHC_CL  |d UAHC_CL 
082 0 4 |a 658 W365 
100 1 |a Webber, Ross A 
245 1 4 |a Una guía para :  |b la administración del tiempo. /  |c Ross A. Webber. 
250 |a 1a.ed.  |b 4a.reimpresión 
260 |a Bogotá  |b Norma  |c 1991 
300 |a 195 p. 
650 4 |a ADMINISTRACION 
900 |a 658 WEB 
942 |c BK 
952 |0 0  |1 0  |4 0  |6 658_000000000000000_WEB  |7 0  |8 General  |9 37751  |a BC  |b BC  |c General  |d 2017-08-03  |l 0  |o 658 WEB  |p 1310003  |r 2026-01-13 00:00:00  |t 1  |w 2017-08-03  |y BK 
999 |c 18842  |d 18842